000 01902naa a2200289 4500
005 20110725101339.0
010 _aB-427779-785
020 _a978057116777
_c299.00
035 _aB-427779-785
037 _bFaber and Faber
082 _aN
100 _aLlosa, Mario Vargas
_930746
245 1 _aAunt Julia and the Scriptwriter /
_cby Mario Vargas Llosa; translated by Helen R. Lane
260 _aLondon
_bFaber and Faber
_c2002
270 _aBloomsbury House, 74-77 Great Russell Street
_bLondon
300 _a410p.
_c22cm (Pbk)
700 _a Lane, Helen R.
_930005
942 _adpl
_cEN
_2ddc
_mLLO
999 _c54267
_d54267